| 000 | 00378pab a2200169 454500 | ||
|---|---|---|---|
| 008 | 180718b2009 xxu||||| |||| 00| 0 eng d | ||
| 100 | _aGhosh, Arindam | ||
| 245 | _aHuman resource accounting | ||
| 260 | _c2009 | ||
| 300 | _ap.20-22. | ||
| 362 | _aJan | ||
| 650 | _aAccounting | ||
| 700 | _aGope, Asit | ||
| 773 | _aManagement Accountant | ||
| 908 | _aN | ||
| 909 | _a81513 | ||
| 999 |
_c81513 _d81513 |
||